Smerom k udržateľnej ekonomike regionálna politika EÚ a štrukturálne fondy po roku 2006
Salvato in:
| Natura: | Libro |
|---|---|
| Lingua: | slovacco |
| Pubblicazione: |
Banská Bystrica
Centrum pre podporu miestneho aktivizmu
2004
|
| Serie: | Alternatívy
|
| Soggetti: | |
| Tags: |
Nessun Tag, puoi essere il primo ad aggiungerne!!
|
MARC
| LEADER | 00000nam$a2200000$$$4500 | ||
|---|---|---|---|
| 001 | 0019661 | ||
| 005 | 20240318125844.9 | ||
| 020 | |a 80-968918-3-9 | ||
| 041 | 0 | |a slo | |
| 044 | |a SK | ||
| 245 | 1 | 0 | |a Smerom k udržateľnej ekonomike |b regionálna politika EÚ a štrukturálne fondy po roku 2006 |
| 264 | 1 | |a Banská Bystrica |b Centrum pre podporu miestneho aktivizmu |c 2004 | |
| 300 | |a 26 s. | ||
| 490 | 1 | |a Alternatívy | |
| 830 | 0 | |a Alternatívy | |
| 610 | 2 | 0 | |a integrácia ekonomická medzinárodná |
| 610 | 2 | 0 | |a politika regionálna |
| 610 | 2 | 0 | |a fondy štruktúrne |
| 610 | 2 | 0 | |a Slovensko |
| 610 | 2 | 0 | |a Európska únia |